[Event "Sitges Sunway op 10th"]
[Site "Sitges"]
[Date "2023.12.15"]
[Round "4"]
[White "Sochacki, Christophe"]
[Black "Iniyan, Panneerseluam"]
[Result "0-1"]
[WhiteElo "2461"]
[BlackElo "2500"]
[PlyCount "148"]
[EventDate "2023.12.12"]
[EventType "swiss"]
[EventRounds "10"]
[EventCountry "ESP"]
[SourceTitle "CB52_2023"]
[SourceDate "2023.12.27"]
[SourceVersion "1"]
[SourceVersionDate "2023.12.27"]
[SourceQuality "1"]

1. d4 Nf6 2. c4 e6 3. Nf3 b6 4. g3 Ba6 5. Qb3 Be7 6. Nc3 Nc6 7. e4 e5 8. dxe5 Ng4 9. Nd5 Ngxe5 10. Nxe5 Nxe5 11. Bf4 f6 12. 0-0-0 c6 13. Ne3 Qc7 14. Nf5 Bf8 15. Qa4 Bc8 16. h4 g6 17. Nh6 d6 18. c5 bxc5 19. Bc4 Rb8 20. a3 Qb6 21. Rd2 Nxc4 22. Qxc4 Qb3 23. Qxb3 Rxb3 24. Rhd1 Bd7 25. Rxd6 Bxd6 26. Bxd6 c4 27. e5 f5 28. Bc5 Rd3 29. Rxd3 cxd3 30. Bxa7 Be6 31. Kd2 Kf8 32. Kxd3 Kg7 33. Be3 Ra8 34. Kd4 Ra5 35. b4 c5+ 36. bxc5 Ra4+ 37. Kc3 Rxa3+ 38. Kd4 Ra4+ 39. Kc3 Re4 40. Kd3 Ra4 41. Bg5 Ra2 42. Be3 Ra3+ 43. Kd4 Ra4+ 44. Kc3 Re4 45. Kd3 Rc4 46. Kd2 f4 47. gxf4 Bc8 48. f5 gxf5 49. Bg5 Rxc5 50. e6 Bxe6 51. Ke3 Rc4 52. h5 Bc8 53. f4 Rc6 54. Nxf5+ Bxf5 55. Kd4 h6 56. Bh4 Bg4 57. Ke5 Rc5+ 58. Ke4 Rxh5 59. Bd8 Bf5+ 60. Ke5 Kg6 61. Be7 Rh1 62. Bb4 h5 63. Bc5 h4 64. Bf2 h3 65. Bg3 Rg1 66. Bf2 Rg2 67. Bc5 h2 68. Bb6 h1Q 69. Bd4 Qe1+ 70. Kd6 Qe6+ 71. Kc5 Rc2+ 72. Kb4 Qc4+ 73. Ka5 Ra2+ 74. Kb6 Ra6+ 0-1

[Event "Titled Tuesday intern op 25th Jul Late"]
[Site "Chess.com INT"]
[Date "2023.07.25"]
[Round "4"]
[White "Olsson, William"]
[Black "Sochacki, Christophe"]
[Result "1-0"]
[WhiteElo "2383"]
[BlackElo "2461"]
[PlyCount "65"]
[EventDate "2023.07.25"]
[EventType "swiss (blitz)"]
[EventRounds "11"]
[EventCountry "USA"]
[SourceTitle "EXT 2024"]
[Source "ChessBase"]
[SourceDate "2023.10.10"]
[SourceVersion "1"]
[SourceVersionDate "2023.10.10"]
[SourceQuality "1"]

1. c4 Nc6 2. g3 e5 3. Bg2 Nf6 4. Nc3 a6 5. Nf3 Bc5 6. e3 d5 7. cxd5 Nxd5 8. 0-0 Nxc3 9. bxc3 Qd3 10. Ne1 Qc4 11. d4 Bd6 12. Nd3 0-0 13. Bb2 Bf5 14. e4 Bg6 15. f4 exd4 16. cxd4 Rad8 17. Rc1 Qxa2 18. f5 Ba3 19. Bxa3 Qxa3 20. d5 Nd4 21. fxg6 hxg6 22. Rxc7 Rc8 23. Rxc8 Rxc8 24. Ne5 Qe3+ 25. Kh1 Rc2 26. d6 Rd2 27. d7 Ne6 28. Qf3 Qxf3 29. Bxf3 f6 30. Rd1 Rxd1+ 31. Bxd1 Nd8 32. Bb3+ Kh7 33. Nf7 1-0

[Event "FRA-ch Rapid"]
[Site "Asnieres sur Seine"]
[Date "2023.06.25"]
[Round "2"]
[White "Denjoy, Arnaud"]
[Black "Sochacki, Christophe"]
[Result "0-1"]
[WhiteElo "2117"]
[BlackElo "2450"]
[PlyCount "96"]
[EventDate "2023.06.25"]
[EventType "swiss (rapid)"]
[EventRounds "9"]
[EventCountry "FRA"]
[SourceTitle "CBM 214 Extra"]
[Source "ChessBase"]
[SourceDate "2023.07.31"]
[SourceVersion "1"]
[SourceVersionDate "2023.07.31"]
[SourceQuality "1"]

1. e4 c5 2. Nf3 d6 3. Bb5+ Nd7 4. d4 cxd4 5. Qxd4 a6 6. Bxd7+ Bxd7 7. 0-0 Nf6 8. Bg5 e6 9. Rd1 Bc6 10. Nc3 Be7 11. e5 Bxf3 12. exf6 gxf6 13. gxf3 Rg8 14. f4 h6 15. Kh1 hxg5 16. f5 Qd7 17. Re1 Rh8 18. Ne4 0-0-0 19. Rad1 Qc6 20. Qc3 d5 21. Ng3 Qxc3 22. bxc3 e5 23. f3 Rh4 24. Kg2 Kc7 25. Rd2 Rdh8 26. Nf1 d4 27. cxd4 Bb4 28. Red1 Bxd2 29. Rxd2 Rxd4 30. Re2 Rhd8 31. Kf2 Ra4 32. Ng3 Rh8 33. Kg2 Rxa2 34. Ne4 Rh6 35. Rd2 a5 36. Kg3 a4 37. Nd6 a3 38. Nxf7 Rh4 39. Nd6 Rb4 40. Ne8+ Kc6 41. Rd6+ Kc5 42. Rxf6 Rxc2 43. Re6 a2 44. Rxe5+ Kb6 45. f6 a1Q 46. Re6+ Ka7 47. f7 Qg1+ 48. Kh3 Rh4# 0-1

[Event "FRA-ch Rapid"]
[Site "Asnieres sur Seine"]
[Date "2023.06.25"]
[Round "8"]
[White "Sochacki, Christophe"]
[Black "Shchekachev, Andrei"]
[Result "0-1"]
[WhiteElo "2450"]
[BlackElo "2508"]
[PlyCount "24"]
[EventDate "2023.06.25"]
[EventType "swiss (rapid)"]
[EventRounds "9"]
[EventCountry "FRA"]
[SourceTitle "CBM 214 Extra"]
[Source "ChessBase"]
[SourceDate "2023.07.31"]
[SourceVersion "1"]
[SourceVersionDate "2023.07.31"]
[SourceQuality "1"]

1. d4 Nf6 2. Bg5 e6 3. Nc3 h6 4. Bh4 Bb4 5. Qd3 c5 6. a3 Bxc3+ 7. Qxc3 cxd4 8. Qxd4 Nc6 9. Qd6 g5 10. Bg3 Ne4 11. Qd3 Qa5+ 12. b4 Nxb4 0-1

[Event "FRA-ch Blitz"]
[Site "Asnieres sur Seine"]
[Date "2023.06.24"]
[Round "6"]
[White "Sochacki, Christophe"]
[Black "Bacrot, Etienne"]
[Result "0-1"]
[WhiteElo "2450"]
[BlackElo "2672"]
[PlyCount "104"]
[EventDate "2023.06.24"]
[EventType "swiss (blitz)"]
[EventRounds "13"]
[EventCountry "FRA"]
[SourceTitle "CBM 214 Extra"]
[Source "ChessBase"]
[SourceDate "2023.07.31"]
[SourceVersion "1"]
[SourceVersionDate "2023.07.31"]
[SourceQuality "1"]

1. e4 c5 2. Nf3 d6 3. d4 cxd4 4. Nxd4 Nf6 5. Nc3 Nc6 6. Bg5 e6 7. Qd2 a6 8. 0-0-0 Bd7 9. f4 Be7 10. Kb1 Qc7 11. Be2 Rc8 12. Nxc6 Bxc6 13. Bf3 h6 14. Bh4 0-0 15. Bxf6 Bxf6 16. Qxd6 Qa5 17. Ne2 Rfd8 18. Qa3 Qxa3 19. bxa3 Ba4 20. Rxd8+ Rxd8 21. e5 Be7 22. Nc3 Be8 23. Rd1 Rc8 24. Kb2 f5 25. Ne2 Kf7 26. Rd3 Bb5 27. Rc3 Rxc3 28. Nxc3 b6 29. Kb3 Bc5 30. Be2 Bc6 31. g3 a5 32. Bb5 Bf3 33. Ne2 g5 34. a4 Bxe2 35. Bxe2 Bg1 36. fxg5 hxg5 37. h4 g4 38. Kc4 Bf2 39. Kb5 Bxg3 40. Kxb6 Bxe5 41. c4 Bd4+ 42. Kxa5 g3 43. Bf1 e5 44. Kb5 e4 45. c5 e3 46. c6 Be5 47. Bc4+ Kg7 48. a5 g2 49. a6 g1Q 50. a7 Qb1+ 51. Ka6 Bd4 52. Bb5 Qxa2+ 0-1

[Event "FRA-chT Top 16 GpB"]
[Site "Chartres"]
[Date "2023.06.05"]
[Round "5.2"]
[White "Sochacki, Christophe"]
[Black "Cornette, Matthieu"]
[Result "1/2-1/2"]
[WhiteElo "2448"]
[BlackElo "2578"]
[PlyCount "105"]
[EventDate "2023.06.01"]
[EventType "team-tourn"]
[EventRounds "7"]
[EventCountry "FRA"]
[SourceTitle "CBM 214 Extra"]
[Source "ChessBase"]
[SourceDate "2023.07.31"]
[SourceVersion "1"]
[SourceVersionDate "2023.07.31"]
[SourceQuality "1"]
[WhiteTeam "Grasse Echecs"]
[BlackTeam "Asnieres"]
[WhiteTeamCountry "FRA"]
[BlackTeamCountry "FRA"]

1. e4 c5 2. Nf3 Nc6 3. Bb5 e6 4. 0-0 Nge7 5. Re1 a6 6. Bf1 Ng6 7. d4 cxd4 8. Nxd4 Bc5 9. Be3 Nxd4 10. Bxd4 Qb6 11. Bxc5 Qxc5 12. Nd2 0-0 13. Nb3 Qe5 14. Qd4 Qxd4 15. Nxd4 d6 16. Rad1 Rd8 17. Re3 e5 18. Nb3 Be6 19. Red3 Rac8 20. c3 Bxb3 21. axb3 Rc6 22. Rd5 Kf8 23. b4 Ke7 24. g3 Nf8 25. f3 Ne6 26. Kf2 g6 27. R1d2 Nc7 28. R5d3 Ra8 29. f4 f6 30. h4 a5 31. fxe5 fxe5 32. bxa5 Rxa5 33. Rf3 Ne6 34. Ke3 Rc8 35. Rdf2 Rf8 36. Rxf8 Nxf8 37. Bc4 Ne6 38. Bd5 b6 39. Kd3 Nc5+ 40. Kc4 Nxe4 41. Bxe4 d5+ 42. Bxd5 Rc5+ 43. Kd3 Rxd5+ 44. Ke4 Rc5 45. Rd2 Ke6 46. Rd8 Rc4+ 47. Kf3 h5 48. Rg8 Kf5 49. Rf8+ Ke6 50. Rb8 Rc6 51. Ke4 Rc4+ 52. Kf3 Rc6 53. Ke4 1/2-1/2

[Event "FRA-chT Top 16 GpB"]
[Site "Chartres"]
[Date "2023.06.01"]
[Round "1.4"]
[White "Migot, Tangi"]
[Black "Sochacki, Christophe"]
[Result "1/2-1/2"]
[WhiteElo "2373"]
[BlackElo "2448"]
[PlyCount "99"]
[EventDate "2023.06.01"]
[EventType "team-tourn"]
[EventRounds "7"]
[EventCountry "FRA"]
[SourceTitle "CBM 214 Extra"]
[Source "ChessBase"]
[SourceDate "2023.07.31"]
[SourceVersion "1"]
[SourceVersionDate "2023.07.31"]
[SourceQuality "1"]
[WhiteTeam "Metz Fischer"]
[BlackTeam "Grasse Echecs"]
[WhiteTeamCountry "FRA"]
[BlackTeamCountry "FRA"]

1. e4 c6 2. Nc3 d5 3. Nf3 Bg4 4. h3 Bxf3 5. Qxf3 e6 6. d4 Nf6 7. exd5 cxd5 8. Bd3 Nc6 9. Ne2 g6 10. 0-0 Bg7 11. c3 0-0 12. Bf4 Re8 13. Rfe1 Rc8 14. Ng3 Nd7 15. Qd1 Na5 16. Nf1 Nc4 17. Bxc4 Rxc4 18. Ne3 Rc8 19. Ng4 Qb6 20. Qd2 Nf6 21. Nxf6+ Bxf6 22. Be5 Bg7 23. Bxg7 Kxg7 24. h4 h5 25. Re3 Qd8 26. g3 b5 27. a3 a5 28. Rf3 Qe7 29. Qf4 Rc4 30. Qe5+ f6 31. Qe2 b4 32. axb4 axb4 33. Ra6 Qd7 34. Re3 Kf7 35. Rb6 bxc3 36. bxc3 Rc6 37. Qb5 Rec8 38. Rb7 R8c7 39. Rxc7 Qxc7 40. Qb3 Qb6 41. Qa2 Qa6 42. Qd2 Qa1+ 43. Kg2 Rb6 44. Re1 Rb1 45. Rxb1 Qxb1 46. Qf4 Qe1 47. Qc7+ Kf8 48. Qd8+ Kf7 49. Qd7+ Kf8 50. Qd8+ 1/2-1/2

[Event "Titled Tuesday intern op 09th May Late"]
[Site "Chess.com INT"]
[Date "2023.05.09"]
[Round "1"]
[White "Sochacki, Christophe"]
[Black "Souza, Adwilhans Luciano"]
[Result "1-0"]
[WhiteElo "2448"]
[BlackElo "2329"]
[PlyCount "69"]
[EventDate "2023.05.09"]
[EventType "swiss (blitz)"]
[EventRounds "11"]
[EventCountry "USA"]
[SourceTitle "CBM 214 Extra"]
[Source "ChessBase"]
[SourceDate "2023.07.31"]
[SourceVersion "1"]
[SourceVersionDate "2023.07.31"]
[SourceQuality "1"]

1. e4 e5 2. Nf3 Nc6 3. Bc4 Nf6 4. Ng5 d5 5. exd5 b5 6. Bf1 Nxd5 7. Bxb5 Bb7 8. d4 Qd7 9. dxe5 0-0-0 10. 0-0 Bc5 11. Qf3 f6 12. exf6 gxf6 13. Ne4 Bb6 14. c4 Ndb4 15. c5 Nc2 16. cxb6 axb6 17. Nxf6 Qe6 18. Na3 N6d4 19. Qg4 Qxg4 20. Nxg4 Nxa1 21. Ba4 Rhg8 22. Ne3 Rd6 23. Bd1 Bxg2 24. Nxg2 Rdg6 25. b3 Rxg2+ 26. Kh1 R2g6 27. Bb2 Naxb3 28. axb3 Nf5 29. h3 Nh4 30. Bg4+ Kb8 31. Nc4 Rd8 32. Ne5 Rgg8 33. Nc6+ Kb7 34. Nxd8+ Rxd8 35. Bf6 1-0

[Event "Titled Tuesday intern op 18th Apr Late"]
[Site "Chess.com INT"]
[Date "2023.04.18"]
[Round "2"]
[White "Andreikin, Dmitry"]
[Black "Sochacki, Christophe"]
[Result "1/2-1/2"]
[WhiteElo "2729"]
[BlackElo "2448"]
[PlyCount "127"]
[EventDate "2023.04.18"]
[EventType "swiss (blitz)"]
[EventRounds "11"]
[EventCountry "USA"]
[SourceTitle "EXT 2024"]
[Source "ChessBase"]
[SourceDate "2023.10.10"]
[SourceVersion "1"]
[SourceVersionDate "2023.10.10"]
[SourceQuality "1"]

1. d4 Nf6 2. c4 c5 3. d5 b5 4. Nc3 b4 5. Na4 d6 6. Nf3 g6 7. b3 Bg7 8. Bb2 0-0 9. e3 Bd7 10. Bd3 Bxa4 11. bxa4 Nbd7 12. h4 h5 13. Ng5 Qa5 14. Qb3 Nb6 15. Bc2 Qa6 16. a5 Qxa5 17. Qd3 Qa6 18. Bb3 Nbxd5 19. g4 Nc3 20. gxh5 Nxh5 21. Rg1 Qc8 22. Bc2 Qf5 23. Qxf5 gxf5 24. Bxf5 e6 25. Bd3 d5 26. Kd2 d4 27. Nh7 Rfd8 28. Rg5 dxe3+ 29. Kxe3 Rxd3+ 30. Kxd3 Nf4+ 31. Ke3 Kxh7 32. Rxg7+ Kxg7 33. Kxf4 Rd8 34. Ke3 Rh8 35. Rh1 Kf6 36. Bxc3+ bxc3 37. Kd3 Kf5 38. Kxc3 Kg4 39. Rg1+ Kf3 40. Rg7 f5 41. Rxa7 Rxh4 42. Re7 Re4 43. a4 Kxf2 44. a5 Re3+ 45. Kb2 Re2+ 46. Kb3 Re1 47. Ka4 f4 48. a6 f3 49. Kb5 Ra1 50. Rxe6 Kg2 51. Rg6+ Kh3 52. Rf6 Kg2 53. Kxc5 f2 54. Kb6 Rb1+ 55. Kc6 Ra1 56. Kb7 Rb1+ 57. Ka7 Rc1 58. c5 Rxc5 59. Kb6 Rc1 60. a7 Ra1 61. Kb7 f1Q 62. Rxf1 Kxf1 63. a8Q Rxa8 64. Kxa8 1/2-1/2

[Event "Titled Tuesday intern op 18th Apr Late"]
[Site "Chess.com INT"]
[Date "2023.04.18"]
[Round "1"]
[White "Bueno, Alfeu Varela Jr"]
[Black "Sochacki, Christophe"]
[Result "0-1"]
[WhiteElo "2135"]
[BlackElo "2448"]
[PlyCount "57"]
[EventDate "2023.04.18"]
[EventType "swiss (blitz)"]
[EventRounds "11"]
[EventCountry "USA"]
[SourceTitle "EXT 2024"]
[Source "ChessBase"]
[SourceDate "2023.10.10"]
[SourceVersion "1"]
[SourceVersionDate "2023.10.10"]
[SourceQuality "1"]

1. e4 e6 2. d4 d5 3. Nd2 c5 4. exd5 exd5 5. Bb5+ Bd7 6. Qe2+ Be7 7. dxc5 Nf6 8. Nb3 0-0 9. Be3 Re8 10. 0-0-0 a5 11. a4 Nc6 12. Qd2 Nb4 13. c3 Bxb5 14. axb5 Ne4 15. Qe1 a4 16. Nd4 a3 17. cxb4 Bf6 18. Ngf3 Nxf2 19. Qxf2 Ra4 20. bxa3 Rxa3 21. Kb2 Rexe3 22. Rhe1 Reb3+ 23. Kc1 Ra1+ 24. Kd2 Ra2+ 25. Nc2 Rxc2+ 26. Kxc2 Rb2+ 27. Kc1 Rxf2 28. Rxd5 Qa8 29. Kb1 0-1

[Event "Titled Tuesday intern op 28th Mar Late"]
[Site "Chess.com INT"]
[Date "2023.03.28"]
[Round "9"]
[White "Aradhya, Garg"]
[Black "Sochacki, Christophe"]
[Result "0-1"]
[WhiteElo "2305"]
[BlackElo "2448"]
[PlyCount "98"]
[EventDate "2023.03.28"]
[EventType "swiss (blitz)"]
[EventRounds "11"]
[EventCountry "USA"]
[SourceTitle "EXT 2024"]
[Source "ChessBase"]
[SourceDate "2023.10.10"]
[SourceVersion "1"]
[SourceVersionDate "2023.10.10"]
[SourceQuality "1"]

1. d4 Nc6 2. Nf3 d6 3. c4 e5 4. Nc3 exd4 5. Nxd4 g6 6. e4 Bg7 7. Be3 Nge7 8. Be2 0-0 9. 0-0 f5 10. exf5 Bxd4 11. Bxd4 Nxf5 12. Be3 Nxe3 13. fxe3 Be6 14. Qd2 Qg5 15. Nd5 Bxd5 16. cxd5 Ne7 17. Rfd1 Nf5 18. e4 Ne3 19. Bd3 Qh6 20. Rac1 Rf7 21. Be2 Qg5 22. g3 Re8 23. Bd3 Qh6 24. Re1 Ng4 25. Qxh6 Nxh6 26. b4 Ng4 27. a4 Ne5 28. Be2 c6 29. dxc6 bxc6 30. b5 cxb5 31. axb5 Kg7 32. Red1 Re6 33. Rd4 Nf3+ 34. Bxf3 Rxf3 35. Rc6 Re3 36. Rcxd6 Rxd6 37. Rxd6 Rxe4 38. Rd7+ Kf6 39. Rxa7 Rb4 40. Rb7 Rb2 41. b6 h5 42. Rb8 Kg5 43. h3 h4 44. b7 hxg3 45. h4+ Kg4 46. Kf1 g2+ 47. Kg1 Kg3 48. Rf8 Rb1+ 49. Rf1 Rxf1# 0-1

[Event "Titled Tuesday intern op 28th Mar Early"]
[Site "Chess.com INT"]
[Date "2023.03.28"]
[Round "11"]
[White "Bas Mas, Jose Joaquin"]
[Black "Sochacki, Christophe"]
[Result "0-1"]
[WhiteElo "2210"]
[BlackElo "2448"]
[PlyCount "54"]
[EventDate "2023.03.28"]
[EventType "swiss (blitz)"]
[EventRounds "11"]
[EventCountry "USA"]
[SourceTitle "EXT 2024"]
[Source "ChessBase"]
[SourceDate "2023.10.10"]
[SourceVersion "1"]
[SourceVersionDate "2023.10.10"]
[SourceQuality "1"]

1. e4 c5 2. Nc3 e6 3. Nge2 a6 4. g3 b5 5. d3 Bb7 6. Bg2 d6 7. 0-0 Nd7 8. d4 cxd4 9. Qxd4 Ngf6 10. a4 e5 11. Qd2 b4 12. Nd5 a5 13. c3 Nc5 14. cxb4 Nb3 15. Qd3 Bxd5 16. exd5 Nxa1 17. b5 Qc8 18. Bd2 Qc2 19. Qe3 Nb3 20. Bc3 Be7 21. f4 0-0 22. fxe5 dxe5 23. Qxe5 Rfe8 24. d6 Bd8 25. Qxe8+ Nxe8 26. Bxa8 Nxd6 27. Bd5 Qxe2 0-1

[Event "Titled Tuesday intern op 28th Mar Early"]
[Site "Chess.com INT"]
[Date "2023.03.28"]
[Round "2"]
[White "Drygalov, Andrey"]
[Black "Sochacki, Christophe"]
[Result "1-0"]
[WhiteElo "2484"]
[BlackElo "2448"]
[PlyCount "63"]
[EventDate "2023.03.28"]
[EventType "swiss (blitz)"]
[EventRounds "11"]
[EventCountry "USA"]
[SourceTitle "EXT 2024"]
[Source "ChessBase"]
[SourceDate "2023.10.10"]
[SourceVersion "1"]
[SourceVersionDate "2023.10.10"]
[SourceQuality "1"]

1. e4 c6 2. Nf3 d5 3. d3 g6 4. e5 Bg7 5. d4 c5 6. c3 Nc6 7. h3 Nh6 8. dxc5 f6 9. exf6 exf6 10. Be2 0-0 11. 0-0 Nf7 12. Na3 Nfe5 13. Nb5 b6 14. Nd6 Be6 15. Nd4 Nxd4 16. cxd4 Nd7 17. Be3 bxc5 18. dxc5 Qc7 19. Rc1 Rab8 20. Nb5 Qa5 21. c6 Ne5 22. Nd4 Bf7 23. b3 Rfc8 24. f4 Qxa2 25. fxe5 fxe5 26. Ra1 Qb2 27. Rxa7 Rf8 28. Nb5 Rbc8 29. Raxf7 Rxf7 30. Rxf7 Kxf7 31. Qxd5+ Ke7 32. Bc5+ 1-0

[Event "Titled Tuesday intern op 28th Mar Early"]
[Site "Chess.com INT"]
[Date "2023.03.28"]
[Round "5"]
[White "Sliwicki, Damian"]
[Black "Sochacki, Christophe"]
[Result "0-1"]
[WhiteElo "2158"]
[BlackElo "2448"]
[PlyCount "44"]
[EventDate "2023.03.28"]
[EventType "swiss (blitz)"]
[EventRounds "11"]
[EventCountry "USA"]
[SourceTitle "EXT 2024"]
[Source "ChessBase"]
[SourceDate "2023.10.10"]
[SourceVersion "1"]
[SourceVersionDate "2023.10.10"]
[SourceQuality "1"]

1. e4 e6 2. d4 d5 3. exd5 exd5 4. Nf3 Bd6 5. c4 c6 6. Nc3 Nf6 7. cxd5 Nxd5 8. Nxd5 cxd5 9. Bb5+ Nc6 10. 0-0 0-0 11. h3 Bf5 12. Bg5 Qb6 13. Bd3 Be4 14. Be3 Qxb2 15. Bxe4 dxe4 16. Nd2 f5 17. Rb1 Qxa2 18. Rxb7 Na5 19. Rb5 f4 20. Rxa5 Qxa5 21. Nc4 Qd5 22. Nxd6 fxe3 0-1

[Event "Titled Tuesday intern op 28th Mar Early"]
[Site "Chess.com INT"]
[Date "2023.03.28"]
[Round "7"]
[White "Sochacki, Christophe"]
[Black "Timofeev, Artyom"]
[Result "0-1"]
[WhiteElo "2448"]
[BlackElo "2567"]
[PlyCount "76"]
[EventDate "2023.03.28"]
[EventType "swiss (blitz)"]
[EventRounds "11"]
[EventCountry "USA"]
[SourceTitle "EXT 2024"]
[Source "ChessBase"]
[SourceDate "2023.10.10"]
[SourceVersion "1"]
[SourceVersionDate "2023.10.10"]
[SourceQuality "1"]

1. b3 c5 2. Nf3 d6 3. e3 e5 4. d4 cxd4 5. exd4 e4 6. Ng5 d5 7. h4 h6 8. Nh3 Qxh4 9. c4 Bb4+ 10. Bd2 Bxd2+ 11. Qxd2 Ne7 12. Nc3 0-0 13. cxd5 Rd8 14. g3 Qf6 15. Nf4 Bf5 16. Bc4 Nd7 17. Nh5 Qg5 18. Nf4 Nb6 19. 0-0-0 Rac8 20. Rh5 Qf6 21. Rdh1 Nxc4 22. bxc4 Rxc4 23. g4 Rdc8 24. gxf5 Rxc3+ 25. Kd1 Qa6 26. Ne2 Rd3 27. R1h3 Qa4+ 28. Ke1 Rxd2 29. Kxd2 Nxd5 30. Ke1 Qxa2 31. f6 Nxf6 32. Re5 Qb1+ 33. Kd2 Rc2+ 34. Ke3 Ng4+ 35. Kf4 Nxe5 36. Nc3 Rxc3 37. Rxc3 Ng6+ 38. Kf5 e3+ 0-1

[Event "Titled Tuesday intern op 28th Mar Late"]
[Site "Chess.com INT"]
[Date "2023.03.28"]
[Round "5"]
[White "Sochacki, Christophe"]
[Black "Yeritsyan, Hayk"]
[Result "1-0"]
[WhiteElo "2448"]
[BlackElo "2241"]
[PlyCount "103"]
[EventDate "2023.03.28"]
[EventType "swiss (blitz)"]
[EventRounds "11"]
[EventCountry "USA"]
[SourceTitle "EXT 2024"]
[Source "ChessBase"]
[SourceDate "2023.10.10"]
[SourceVersion "1"]
[SourceVersionDate "2023.10.10"]
[SourceQuality "1"]

1. e4 c6 2. Nf3 d5 3. exd5 cxd5 4. Ne5 Nc6 5. d4 Nf6 6. c3 Bf5 7. Bf4 e6 8. Nd2 Bd6 9. Bb5 0-0 10. Bxc6 bxc6 11. Nxc6 Qc7 12. Bxd6 Qxd6 13. Na5 Rab8 14. Nab3 Bd3 15. Nf3 Bc4 16. Ne5 Rfc8 17. f3 a5 18. Nxa5 Rxb2 19. Naxc4 dxc4 20. 0-0 Nd5 21. Qe1 Nf4 22. Rf2 Rb7 23. Qe4 Nd5 24. Rc2 Qc7 25. Qe1 Rcb8 26. a4 h6 27. a5 Ra7 28. a6 Rba8 29. Rca2 Qd6 30. Nxc4 Qc6 31. Ne5 Qxc3 32. Qxc3 Nxc3 33. Rc2 Nd5 34. Rc6 Nb4 35. Rb6 Rxa6 36. Raxa6 Nxa6 37. Rb7 Rd8 38. Rxf7 Rxd4 39. Ra7 Nc5 40. Kf2 Nd3+ 41. Ke3 Nxe5 42. Ra8+ Kf7 43. Kxd4 Nc6+ 44. Kc5 Ne7 45. Kd6 Kf6 46. Rf8+ Kg6 47. Kxe7 Kh7 48. Kf7 g5 49. Rg8 h5 50. Rxg5 Kh6 51. h4 Kh7 52. Rxh5# 1-0

[Event "Titled Tuesday intern op 28th Mar Late"]
[Site "Chess.com INT"]
[Date "2023.03.28"]
[Round "2"]
[White "Van Foreest, Machteld"]
[Black "Sochacki, Christophe"]
[Result "1-0"]
[WhiteElo "2341"]
[BlackElo "2448"]
[PlyCount "99"]
[EventDate "2023.03.28"]
[EventType "swiss (blitz)"]
[EventRounds "11"]
[EventCountry "USA"]
[SourceTitle "EXT 2024"]
[Source "ChessBase"]
[SourceDate "2023.10.10"]
[SourceVersion "1"]
[SourceVersionDate "2023.10.10"]
[SourceQuality "1"]

1. e4 c5 2. Nf3 d6 3. d4 cxd4 4. Nxd4 Nf6 5. Nc3 g6 6. Be3 Bg7 7. f3 Nc6 8. Qd2 0-0 9. 0-0-0 d5 10. exd5 Nxd5 11. Nxc6 bxc6 12. Bd4 Bxd4 13. Qxd4 Qb6 14. Na4 Qc7 15. Bc4 Be6 16. Nc5 Bf5 17. g4 Bc8 18. h4 Qf4+ 19. Qxf4 Nxf4 20. Rd4 Nd5 21. Bxd5 cxd5 22. Rxd5 Rb8 23. Rhd1 h5 24. gxh5 Bf5 25. hxg6 fxg6 26. Nd7 Bxd7 27. Rxd7 Rbe8 28. R1d3 Rf4 29. Re3 Kf7 30. Rxa7 Rxh4 31. b3 Rh2 32. a4 Kf6 33. Ra6+ Kf5 34. Rae6 Rc8 35. Re2 Rxe2 36. Rxe2 e5 37. Kb2 g5 38. Re4 Rh8 39. a5 Rh3 40. a6 Rxf3 41. a7 Kxe4 42. a8Q+ Ke3 43. Qd5 Rf5 44. Qe6 Kf4 45. Kc3 g4 46. Qh6+ Kf3 47. Qh1+ Kf2 48. Qh2+ Kf3 49. Kd3 g3 50. Qe2+ 1-0

[Event "Titled Tuesday intern op 7th Mar Late"]
[Site "Chess.com INT"]
[Date "2023.03.07"]
[Round "1"]
[White "Figorito, Nick"]
[Black "Sochacki, Christophe"]
[Result "0-1"]
[WhiteElo "2036"]
[BlackElo "2448"]
[PlyCount "156"]
[EventDate "2023.03.07"]
[EventType "swiss (blitz)"]
[EventRounds "11"]
[EventCountry "USA"]
[SourceTitle "EXT 2024"]
[Source "ChessBase"]
[SourceDate "2023.10.10"]
[SourceVersion "1"]
[SourceVersionDate "2023.10.10"]
[SourceQuality "1"]

1. Nf3 Nc6 2. e4 e5 3. Bc4 Nf6 4. d4 exd4 5. 0-0 Nxe4 6. Re1 d5 7. Bxd5 Qxd5 8. Nc3 Qa5 9. Nxe4 Be7 10. Bg5 f6 11. Bd2 Qd5 12. Bf4 Bg4 13. Bxc7 0-0 14. h3 Bh5 15. Ng3 Bxf3 16. Qxf3 Qxf3 17. gxf3 Rfe8 18. Nf5 Kf7 19. Bd6 Rad8 20. Bxe7 Nxe7 21. Nxe7 Rxe7 22. Rxe7+ Kxe7 23. Kf1 Rc8 24. Re1+ Kd6 25. Re2 Rc5 26. Kg2 Rg5+ 27. Kh2 Re5 28. Rd2 Kc5 29. Kg3 Rg5+ 30. Kf4 Rh5 31. Kg4 Rg5+ 32. Kf4 b5 33. a3 a5 34. Re2 Rh5 35. Kg4 Rg5+ 36. Kf4 Rg1 37. Re7 Rg2 38. Rc7+ Kd6 39. Rb7 Kc6 40. Rb8 Rxf2 41. Ke4 Rd2 42. Rc8+ Kd7 43. Rb8 Kc6 44. Rc8+ Kb7 45. Rg8 g6 46. Rg7+ Kc6 47. Rxh7 Rxc2 48. Rf7 f5+ 49. Kxd4 Rd2+ 50. Kc3 Rf2 51. Rf6+ Kd5 52. Rxg6 Rxf3+ 53. Kc2 Rxh3 54. a4 b4 55. Ra6 f4 56. Rxa5+ Ke4 57. Rb5 b3+ 58. Kd1 f3 59. Rb8 Ke3 60. Re8+ Kf2 61. Kd2 Rh4 62. Kc3 Rxa4 63. Kxb3 Rg4 64. Kc3 Kg3 65. Rf8 f2 66. Rxf2 Kxf2 67. b4 Ke3 68. b5 Rf4 69. Kb3 Kd4 70. Kb4 Kd5+ 71. Ka5 Kc5 72. Ka6 Rb4 73. Ka7 Rxb5 74. Ka8 Kc6 75. Ka7 Rb6 76. Ka8 Kc7 77. Ka7 Rd6 78. Ka8 Ra6# 0-1

[Event "Titled Tuesday intern op 7th Mar Late"]
[Site "Chess.com INT"]
[Date "2023.03.07"]
[Round "3"]
[White "Martinez Martin, David"]
[Black "Sochacki, Christophe"]
[Result "1-0"]
[WhiteElo "2385"]
[BlackElo "2448"]
[PlyCount "107"]
[EventDate "2023.03.07"]
[EventType "swiss (blitz)"]
[EventRounds "11"]
[EventCountry "USA"]
[SourceTitle "EXT 2024"]
[Source "ChessBase"]
[SourceDate "2023.10.10"]
[SourceVersion "1"]
[SourceVersionDate "2023.10.10"]
[SourceQuality "1"]

1. e4 a5 2. d4 a4 3. Nf3 e6 4. Nc3 d5 5. Bd3 a3 6. 0-0 Nf6 7. exd5 exd5 8. Re1+ Be7 9. bxa3 0-0 10. Ne5 Bxa3 11. Bg5 Bb2 12. Nxd5 Qxd5 13. Bxf6 h6 14. Bxg7 Kxg7 15. Re3 Rh8 16. Rg3+ Kf8 17. Rf3 Be6 18. Rb1 Bxd4 19. Ng6+ Kg7 20. Nxh8 Kxh8 21. Qd2 Bg7 22. Rg3 Nd7 23. Rb4 Rxa2 24. h3 Qh5 25. Be2 Ra1+ 26. Kh2 Qe5 27. Rh4 Qf6 28. Rh5 Ne5 29. Bd3 Nxd3 30. cxd3 Ra6 31. Qe3 Bd7 32. Rf3 Qd6+ 33. g3 Qe6 34. Qd2 Qg6 35. Rd5 Rd6 36. Rxd6 cxd6 37. Rf4 Bc6 38. Rh4 Qf6 39. Rf4 Qe6 40. Rg4 Kh7 41. d4 Qf5 42. Rf4 Qd5 43. f3 Qxd4 44. Rxd4 d5 45. Qd3+ Kg8 46. Rxd5 Bxd5 47. Qxd5 Bf8 48. Qxb7 Kg7 49. Qb5 f6 50. Kg2 Kg6 51. g4 Bd6 52. h4 Kg7 53. h5 Be5 54. Qd5 1-0